000 00400nam a2200145Ia 4500
008 210210b1989 xxu||||| |||| 00| 0 eng d
020 _a81 229 0036 4
082 _a320.3 PYEP
100 _aPYE (W L) & VERBA (S).
245 _aPolitical culture and political development.
260 _aDelhi
_bSurjeet publications.
_c1989
300 _ax,574
690 _aComparative Governments
906 _a043946
999 _c93487
_d93487